| 000 | 00540nam a2200169Ia 4500 | ||
|---|---|---|---|
| 008 | 230917s9999||||xx |||||||||||||| ||und|| | ||
| 020 | _cRS2240 | ||
| 040 |
_e216024 _aMAIN |
||
| 041 | _aEnglish | ||
| 082 | _a801.95 A46C | ||
| 100 | _aAristotle | ||
| 245 | 0 | _aCommentary illustrating the poetic of Aristotle: By examples taken chiefly from the modren poets to which is prefixed, a new and corrected | |
| 260 |
_aLondon _bGeneral Books _c2010 |
||
| 300 | _a281 p. | ||
| 500 | _a1539 07/05/2014 KB165 09/08/2014 Main Budget | ||
| 942 | _cBK | ||
| 999 |
_c11338 _d11338 |
||